000 00790nam a2200265Ia 4500
003 OSt
005 20220928131042.0
006 a|||||r|||| 00| 0
007 ta
008 220927b |||||||| |||| 00| 0 eng d
020 _cUKP 165.00
024 _a69016
037 _b39, 22/09/2017, Better Book Service
_cTextual
040 _aSDCL
_cSDCL
_beng
041 _2eng
_aeng
082 _aO-,2J64;g, Q7
100 _aLevenson Jill L. Ed.
_9476942
245 0 _aShakespearean World
260 _aLondon
_bRoutledge
_c2017
300 _axxiii,654p.
_ccm.
650 _aEnglish
700 _a Ormsby Robert Ed.
_9476943
942 _hO-,2J64;g, Q7
_cTEXL
_2CC
999 _c789389
_d789389